|
|
|
|
| LEADER |
00935nam a2200253 a 4500 |
| 001 |
6607093 |
| 008 |
091209r19711967ilua b 000 0 eng d |
| 010 |
|
|
|a 67017045
|
| 040 |
|
|
|a DLC
|c ODaWU
|d OCoLC
|d DLC
|d BD-DhAAL
|
| 082 |
0 |
0 |
|a 658.1/5
|2 18
|
| 100 |
1 |
|
|a Helfert, Erich A.
|
| 245 |
1 |
0 |
|a Techniques of financial analysis,
|c by Erich A. Helfert.
|
| 250 |
|
|
|a Rev. ed.
|
| 260 |
|
|
|a Homewood, Ill.,
|b R.D. Irwin,
|c 1967.[reprinted 1971]
|
| 300 |
|
|
|a viii, 227 p.
|b illus.
|c 23 cm.
|
| 504 |
|
|
|a Includes bibliographies.
|
| 541 |
1 |
|
|e 00000252
|
| 650 |
|
0 |
|a Corporations
|x Finance.
|
| 650 |
|
0 |
|a Cash flow.
|
| 650 |
|
0 |
|a Financial statements.
|
| 650 |
|
0 |
|a Ratio analysis.
|
| 852 |
4 |
|
|a Ayesha Abed Library
|j General Shelf.
|
| 999 |
|
|
|c 6109
|d 6109
|
| 952 |
|
|
|0 0
|1 4
|2 ddc
|4 0
|6 658_150000000000000_HEL
|7 0
|9 6097
|a BRACUL
|b BRACUL
|c GEN
|d 2009-12-15
|g 0.00
|l 0
|o 658.15 HEL
|p 3010000252
|r 2009-12-15
|t 1
|w 2009-12-15
|y BK
|x No price found in the accession register.
|